Uselo y tírelo

Gespeichert in:
Bibliographische Detailangaben
1. Verfasser: Galeano, Eduardo (VerfasserIn)
Format: Buch
Sprache:Spanisch
Veröffentlicht: Buenos Aires Booket 2012
Ausgabe:1a. ed
Schriftenreihe:Divulgación
Schlagworte:
Tags: Tag hinzufügen
Keine Tags, Fügen Sie den ersten Tag hinzu!

MARC

LEADER 00000cam a2200000 a 4500
001 UCE5742
003 CL-VaPUC
008 150305e20120000ag |||||||||||||||||spa|d
020 |a 9789875801639 
082 0 4 |a 306.3  |b GAL  |2 21 
100 |a Galeano, Eduardo  |e author  |9 599485 
245 1 0 |a Uselo y tírelo 
250 |a 1a. ed 
300 |a 184 p 
942 |c BK 
945 |d 20150305 12:52:00  |a arojas 
260 |a Buenos Aires  |b Booket  |c 2012 
500 |a Uselo y tírelo: el mundo visto desde una ecología latinoamericana 
650 0 |a Ecología   |9 258124 
650 0 |a Recursos naturales  |9 255232 
650 0 |a Demografía   |9 260008 
650 0 |a Economía   |9 255568 
650 7 |a CONSUMISMO  |2 CL-VaPUC  |9 578407 
583 |a last modification  |c 20150305 12:52:00  |k Rodrigo Vera 
490 0 |a Divulgación 
999 |c 358356  |d 358354 
952 |0 0  |1 0  |3 erb  |4 0  |6 306_300000000000000_GAL_2012  |7 0  |8 A  |9 466995  |a BIBEDU  |b BIBEDU  |i 5136873  |o 306.3 GAL 2012  |p 5136873  |r 2019-11-23  |w 2019-11-23  |y BK  |z Catalogado en:20150305  |k LIT